000 01693nea a2200409 i 4500
001 196767
003 SpMaBN
005 20250831020452.0
007 aj*aanzn
008 241114s1799 fr g r 0 fre
034 0 _aa
035 _a(SpMaBN)a6617114
035 _a(OCoLC)1129293414
035 _a991025555129708606
040 _aSpMaBN
_bspa
_cSpMaBN
_erdc
080 _a(739.9)
_22015
080 _a(866.4)
_2mrf12
245 0 0 _aVues des Îles Sandwich et autres îles
_h[Material cartográfico]
255 _aEscala indeterminada
260 _a[A Paris] :
_b[De L'Imprimerie de la République],
_c[1799]
300 _a6 perfiles en 1 h. ;
_c65 x 92 cm
336 _aImagen (cartográfica ; fija ; bidimensional ; visual)
_2isbdcontent
337 _asin mediación
_2isbdmedia
338 _2rdacarrier
_avolumen
500 _aRepresentación de perfiles verticales del terreno
505 0 _aContiene: Baie Whyteete a Woahoo ; Baie Whymea a Atooi ; Côte de la Rade de Raheina a Mowée ; Modoo Mannoo ; Île Albemarle
596 _aDatos y año de edición tomados del atlas en el que se encuentra el mapa
611 2 0 _a Vancouver, Expedición de,
_d1791-1795
_9239420
651 0 _aHawái (Estados Unidos, Estado)-
_vMapas
_9239284
651 7 _aGalápagos (Ecuador)
_vMapas
_2embne
_9239305
700 0 _aVancouver, George,
_d1757-1798
_9113045
710 _aImprimerie de la République (Francia)
_9239285
852 _aES-MaACL
_cDEPO2
_dOlim: B-6988
_dOlim: 155-A-2
_jGF-116(11)
_xEncuadernado con otros mapas formando un volumen facticio.
_9204459
942 _2udc
_cCARTOGRAFI
_n0
999 _c196767
_d196767